History Quiz

Random History or Politics Quiz

Did They Declare War? (WWI Edition) Quiz Stats

Quiz Updated May 22, 2015

Challenge
Share
Tweet
Embed
Score 0/30 Timer 06:00
2 Plays Today
Declarer Y or N % Correct
United States​???
81.3%
United Kingdom​???
79.5%
Austria-Hungary​???
75.2%
Germany​​???
74.6%
United Kingdom​​???
73.3%
Germany​???
66.6%
Greece???
64.2%
Bulgaria​???
63.1%
Ottoman Empire​???
62%
Honduras???
54.7%
Peru???
52.8%
Montenegro???
52.7%
Romania???
52.6%
Luxembourg???
52.3%
Denmark???
50.9%
Declarer Y or N % Correct
Bulgaria​​???
50.8%
Portugal???
50%
Colombia???
47.6%
Bulgaria​​​???
46.8%
Austria-Hungary​​???
45.8%
Germany​​​???
45.5%
China???
44.3%
Siam???
42.2%
United States​​???
41.4%
Panama???
41.3%
San Marino???
38.6%
Australia???
34.1%
Ottoman Empire​​???
28.7%
France???
23.9%
Russia???
20.8%

You're not logged in!

Compare scores with friends on all Sporcle quizzes.
Join for Free
OR
Log In

You Might Also Like...

Show Comments

Extras

Top Quizzes Today


Score Distribution

Your Account Isn't Verified!

In order to create a playlist on Sporcle, you need to verify the email address you used during registration. Go to your Sporcle Settings to finish the process.

Report this User

Report this user for behavior that violates our Community Guidelines.

Details: